000
00296nam a22001337a 4500
020
_a
978-8186308394
041
_a
ENG
100
_a
K.B.Bhatia
245
_a
Quiz In Electrical Engineering
260
_a
Delhi
_b
Standard Pub
_c
1997
300
_a
235
650
_a
EOES
856
_u
EOES ( 14 )
999
_c
1111
_d
1111